| 000 | 00959cam a22003015a 4500 | ||
|---|---|---|---|
| 001 | 017153120 | ||
| 003 | Uk | ||
| 005 | 20201128023804.0 | ||
| 008 | 150410s2015 caua fr 001|0|eng|d | ||
| 015 |
_aGBB544310 _2bnb |
||
| 016 | 7 |
_a017153120 _2Uk |
|
| 020 | _a0071827633 | ||
| 020 | _a9780071827638 | ||
| 040 |
_aStDuBDS _beng _cStDuBDS _dEG-ScBUE |
||
| 082 | 0 | 4 |
_222 _a005.8 _bWRI |
| 100 | 1 |
_aCache, Johnny. _940705 |
|
| 245 | 1 | 0 |
_aHacking exposed wireless : _bwireless security secrets & solutions / _cJoshua Wright, Johnny Cache |
| 250 | _a3rd ed. | ||
| 260 |
_aNew York : _bMcGraw-Hill Education, _cc.2015. |
||
| 300 |
_axxii, 519 p. : _bill. ; _c24 cm. |
||
| 500 | _aIndex : p. 499-519. | ||
| 650 | 7 |
_aWireless communication systems _xSecurity measures. _2BUEsh |
|
| 650 | 7 |
_a Wireless LANs _xSecurity measures. _91959 |
|
| 651 | _2BUEsh | ||
| 653 |
_bCOMSCI _cAugust 2016 |
||
| 700 | 1 |
_aCache, Johnny. _940705 |
|
| 942 |
_2ddc _e22 _k005.8 WRI |
||
| 999 |
_c22150 _d22122 |
||